¿Por qué nos amenazan?
Gorde:
| Formatua: | Texto |
|---|---|
| Etiketak: |
Etiketa erantsi
Etiketarik gabe, Izan zaitez lehena erregistro honi etiketa jartzen!
|
MARC
| LEADER | 00000 a a2200000 04500 | ||
|---|---|---|---|
| 001 | 42599 | ||
| 003 | |||
| 040 | |||
| 245 | |a ¿Por qué nos amenazan? | ||
| 773 | |g volumen25, número1108 ( , 2004), páginas 4-6 | ||
| 999 | |c 33412 |d 33412 | ||
